000 00539nam a22001811a 4500
001 18815
003 OSt
005 20260204212422.0
008 180905s2011||||ck ||||||b||||||||||spa||
020 _a9789588675282
082 _a720.07 G216c
100 _aGarcía,Jorge Raúl
245 _aConstruir como proyecto:una introducción a la materialidad arquitectónica/Jorge Raúl García
264 _aBogotá: Ediciones de la U
300 _a300 p.
650 _aArquitectura-Enseñanza 2.Proyectos de construcciónÌ
942 _2ddc
_cBK
999 _c18815
_d18815